Responses for Show #8923 - Wednesday, July 26, 2023

Lucas Partridge game 1.

Contestants

[<< previous game]

Alex Muhler, a policy analyst from Oakland, California

Lucas Partridge, a school counselor from Las Vegas, Nevada

Julie Sisson, a library circulation assistant from Everett, Washington (whose 1-day cash winnings total $11,210)

[next game >>]

Jeopardy! Round responses

CROOKS
RECENT TV SHOWS BY EPISODE TITLE
ALL KINDS OF LITERATURE
WORLD OF RELIGION
I'M BLUE
"DA" OR "BA" OR "DEE"
(Ken: Each correct response will contain one of those syllables in quotation marks.)
    $200 18
Sing Sing

Julie
    $200 3
The Crown

Alex
    $200 8
Hansel & Gretel

Alex
    $200 23
Buddhism

Alex
    $200 2
Jennifer Lawrence

Lucas
    $200 14
reindeer

Lucas
    $400 19
Billy the Kid

Julie
    $400 5
(Lucas: What is Obi-Wan?)

The Mandalorian

JulieLucas
    $400 1
Jaws

Lucas
    $400 13
the Virgin Mary

Alex
    $400 12
Dune

Triple Stumper
    $400 24
(Ken: Mr. [*], that's right.)

Deeds

Lucas
    $600 20
(Ken: Yes, don't take that investment.)

Ponzi

Alex
    $600 15
The Handmaid's Tale

Lucas
    $600 4
2001: A Space Odyssey

Lucas
    $600 9
an elephant

Alex
    $600 21
Lowe's

Lucas
    $600 27
marimba

Alex
    $800 25
Al Capone

Lucas
    $800 16
Bridgerton

Lucas
    $800 6
Simon

Julie
    $1,000 10
jihad

Alex
    $800 22
Picasso

Lucas
    $800 28
daredevil

Alex
    $1000 26
El Chapo

Julie
    $1000 17
Abbott Elementary

Triple Stumper
    $1000 7
"The Boys of Summer"

Triple Stumper
    $1000 11
Sikhism

Alex
    $1000 30
Chile

Alex
    $1000 29
(Ken: Yeah, you had an advantage there.)

Baghdad

Alex

Scores at the first commercial break (after clue 15):

Julie Lucas Alex
$1,200 $1,600 $3,400

Scores at the end of the Jeopardy! Round:

Julie Lucas Alex
$2,800 $5,000 $7,600

Double Jeopardy! Round responses

BRACE FOR LANDING
DUAL BIOGRAPHIES
PHYSICS
TAKING STOCK
LONG MOVIES
FROM THE FRENCH
    $400 10
the Himalayas

Lucas
    $400 14
Jefferson & Adams

Lucas
    $400 25
a vacuum

Lucas
    $400 18
bear & bull

Lucas
    $400 6
Ophelia

Alex
    $400 1
souvenir

Julie
    $800 11
São Paulo

Alex
    $800 15
Ireland

Alex
    $800 27
cold & heat

Triple Stumper
    $800 19
October

Alex
    $800 7
Warren Beatty

Alex
    $800 2
(Julie: What is journal? Jour?)

journalism

JulieAlex
    $1200 12
Saint Martin

Lucas
    $4,000 22
(Alex: What is Romeo and Juliet?)

Antony and Cleopatra

Alex
    $1200 28
(Alex: Um... I don't know.)

electric current

Alex
Triple Stumper
    $1200 20
day trading

Lucas
    $1200 8
Lawrence of Arabia

Julie
    $1200 3
ennui

Alex
    $1600 16
(Alex: What is Salzburg?)

Innsbruck

LucasAlex
    $1600 23
Cesare

Triple Stumper
    $100 29
(Lucas: What is... a packet.)
(Ken: No, I'm afraid it's [*]; your winning streak in PHYSICS continues, but you've got one clue left to salvage it.)

a photon

Lucas
    $1600 21
Berkshire Hathaway

Alex
    $1600 9
Magnolia

Lucas
    $1600 4
liaison

Julie
    $2000 17
Bhutan

Lucas
    $2000 24
Felix Frankfurter

Triple Stumper
    $2000 30
(Ken: There it is, yes... physicists everywhere were about to throw a shoe at the television, but you saved us, Lucas)
[Laughter]

the atom

Lucas
    $2000 26
(Julie: What is Nisei?)

Nikkei

JulieLucas
    $2000 13
Aeschylus

Triple Stumper
    $2000 5
(Alex: What is... savant?)

connoisseur

LucasAlex

Scores at the end of the Double Jeopardy! Round:

Julie Lucas Alex
$3,200 $20,100 $6,000
(lock game)

[wagering suggestions for these scores]

Final Jeopardy! Round responses

OPERA SOURCE MATERIAL
(Ken: [To Julie] Murger used his lousy apartment as the basis for a book called Scenes of Bohemian Life, which became [*]; the character Rodolfo is based on him.)
JulieWhat is La Boheme?
$390
AlexWhat is La Bohème?
$100
LucasWhat is La Boheme?
$0
La bohème

Final scores:

Julie Lucas Alex
$3,590 $20,100 $6,100
3rd place: $1,000 New champion: $20,100 2nd place: $2,000

Game dynamics:

Coryat scores:

Julie Lucas Alex
$3,200 $20,200 $9,800
8 R,
2 W
22 R,
2 W
(including 1 DD)
20 R
(including 1 DD),
4 W
(including 1 DD)

Combined Coryat: $33,200

[game clues] [game scores] [suggest correction]

Game tape date: 2023-05-19
The J! Archive is created by fans, for fans. Scraping, republication, monetization, and malicious use prohibited; this site may use cookies and collect identifying information. See terms. The Jeopardy! game show and all elements thereof, including but not limited to copyright and trademark thereto, are the property of Jeopardy Productions, Inc. and are protected under law. This website is not affiliated with, sponsored by, or operated by Jeopardy Productions, Inc. Join the discussion at JBoard.tv.